<?xml version="1.0" encoding="UTF-8"?>
<record
    xmlns:xsi="http://www.w3.org/2001/XMLSchema-instance"
    xsi:schemaLocation="http://www.loc.gov/MARC21/slim http://www.loc.gov/standards/marcxml/schema/MARC21slim.xsd"
    xmlns="http://www.loc.gov/MARC21/slim">

  <leader>01395nam a22002297a 4500</leader>
  <datafield tag="999" ind1=" " ind2=" ">
    <subfield code="c">62133</subfield>
    <subfield code="d">62133</subfield>
  </datafield>
  <controlfield tag="003">Ge_BSU</controlfield>
  <controlfield tag="005">20240718165705.0</controlfield>
  <controlfield tag="008">240718b        xxu||||| |||| 00| 0 geo d</controlfield>
  <datafield tag="020" ind1=" " ind2=" ">
    <subfield code="a">9789941059445</subfield>
  </datafield>
  <datafield tag="041" ind1=" " ind2=" ">
    <subfield code="a">geo</subfield>
  </datafield>
  <datafield tag="080" ind1=" " ind2=" ">
    <subfield code="a">72(479.22)(092) &#x10D1;-87</subfield>
  </datafield>
  <datafield tag="100" ind1=" " ind2=" ">
    <subfield code="a">&#x10D1;&#x10DD;&#x10E1;&#x10E2;&#x10D0;&#x10DC;&#x10D0;&#x10E8;&#x10D5;&#x10D8;&#x10DA;&#x10D8;, &#x10E8;&#x10DD;&#x10D7;&#x10D0;.</subfield>
    <subfield code="9">22879</subfield>
  </datafield>
  <datafield tag="245" ind1=" " ind2=" ">
    <subfield code="a">&#x10D1;&#x10E3;&#x10EA;&#x10D0; = Butza : &#x10EE;&#x10E3;&#x10E0;&#x10DD;&#x10D7;&#x10DB;&#x10DD;&#x10EB;&#x10E6;&#x10D5;&#x10D0;&#x10E0;&#x10D8; &#x10D5;&#x10D8;&#x10E5;&#x10E2;&#x10DD;&#x10E0; &#x10EF;&#x10DD;&#x10E0;&#x10D1;&#x10D4;&#x10DC;&#x10D0;&#x10EB;&#x10D4;</subfield>
    <subfield code="b">&#x10D4;&#x10E1;&#x10D4;, &#x10DE;&#x10DD;&#x10D4;&#x10E2;&#x10D8;&#x10D9;&#x10D0;, &#x10E1;&#x10D4;&#x10DB;&#x10D8;&#x10DD;&#x10E2;&#x10D8;&#x10D9;&#x10D0;, &#x10D9;&#x10E0;&#x10D8;&#x10E2;&#x10D8;&#x10D9;&#x10E3;&#x10DA;&#x10D8; &#x10D3;&#x10D8;&#x10E1;&#x10D9;&#x10E3;&#x10E0;&#x10E1;&#x10D8; / </subfield>
    <subfield code="c"> &#x10E8;&#x10DD;&#x10D7;&#x10D0; &#x10D1;&#x10DD;&#x10E1;&#x10E2;&#x10D0;&#x10DC;&#x10D0;&#x10E8;&#x10D5;&#x10D8;&#x10DA;&#x10D8;, &#x10D3;&#x10D0;&#x10D5;&#x10D8;&#x10D7; &#x10D1;&#x10DD;&#x10E1;&#x10E2;&#x10D0;&#x10DC;&#x10D0;&#x10E8;&#x10D5;&#x10D8;&#x10DA;&#x10D8; ; [&#x10D8;&#x10DC;&#x10D2;&#x10DA;. &#x10E2;&#x10D4;&#x10E5;&#x10E1;&#x10E2;&#x10D8;: &#x10D3;&#x10D0;&#x10D5;&#x10D8;&#x10D7; &#x10D1;&#x10DD;&#x10E1;&#x10E2;&#x10D0;&#x10DC;&#x10D0;&#x10E8;&#x10D5;&#x10D8;&#x10DA;&#x10D8;,  &#x10E0;&#x10D4;&#x10D3;. &#x10D3;&#x10D0;&#x10D5;&#x10D8;&#x10D7; &#x10D0;&#x10DC;&#x10D3;&#x10E0;&#x10D8;&#x10D0;&#x10EB;&#x10D4;].</subfield>
  </datafield>
  <datafield tag="264" ind1=" " ind2=" ">
    <subfield code="a">&#x10D7;&#x10D1;&#x10D8;&#x10DA;&#x10D8;&#x10E1;&#x10D8;:</subfield>
    <subfield code="b">&#x10E3;&#x10DC;&#x10D8;&#x10D5;&#x10D4;&#x10E0;&#x10E1;&#x10D0;&#x10DA;&#x10D8;,</subfield>
    <subfield code="c">2012.</subfield>
  </datafield>
  <datafield tag="300" ind1=" " ind2=" ">
    <subfield code="a">218 &#x10D2;&#x10D5;.:</subfield>
    <subfield code="b"> &#x10D8;&#x10DA;. ; </subfield>
    <subfield code="c">25 &#x10E1;&#x10DB;.</subfield>
  </datafield>
  <datafield tag="546" ind1=" " ind2=" ">
    <subfield code="a">&#x10D7;&#x10D0;&#x10D5;&#x10E4;&#x10E3;&#x10E0;., &#x10E2;&#x10D4;&#x10E5;&#x10E1;&#x10E2;&#x10D8;, &#x10E7;&#x10D3;&#x10D0; &#x10E5;&#x10D0;&#x10E0;&#x10D7;. &#x10D3;&#x10D0; &#x10D8;&#x10DC;&#x10D2;&#x10DA;</subfield>
  </datafield>
  <datafield tag="653" ind1=" " ind2=" ">
    <subfield code="a">&#x10EF;&#x10DD;&#x10E0;&#x10D1;&#x10D4;&#x10DC;&#x10D0;&#x10EB;&#x10D4;, &#x10D5;&#x10D8;&#x10E5;&#x10E2;&#x10DD;&#x10E0;.</subfield>
  </datafield>
  <datafield tag="653" ind1=" " ind2=" ">
    <subfield code="a">&#x10E5;&#x10D0;&#x10E0;&#x10D7;&#x10D5;&#x10D4;&#x10DA;&#x10D8; &#x10D0;&#x10E0;&#x10E5;&#x10D8;&#x10E2;&#x10D4;&#x10E5;&#x10E2;&#x10DD;&#x10E0;&#x10D4;&#x10D1;&#x10D8;</subfield>
  </datafield>
  <datafield tag="700" ind1=" " ind2=" ">
    <subfield code="a">&#x10D1;&#x10DD;&#x10E1;&#x10E2;&#x10D0;&#x10DC;&#x10D0;&#x10E8;&#x10D5;&#x10D8;&#x10DA;&#x10D8;,  &#x10D3;&#x10D0;&#x10D5;&#x10D8;&#x10D7;</subfield>
    <subfield code="9">22880</subfield>
  </datafield>
  <datafield tag="700" ind1=" " ind2=" ">
    <subfield code="a"> &#x10D0;&#x10DC;&#x10D3;&#x10E0;&#x10D8;&#x10D0;&#x10EB;&#x10D4;, &#x10D3;&#x10D0;&#x10D5;&#x10D8;&#x10D7;</subfield>
    <subfield code="e">&#x10E0;&#x10D4;&#x10D3;&#x10D0;&#x10E5;&#x10E2;&#x10DD;&#x10E0;&#x10D8;</subfield>
    <subfield code="9">22881</subfield>
  </datafield>
  <datafield tag="942" ind1=" " ind2=" ">
    <subfield code="2">udc</subfield>
    <subfield code="c">BK</subfield>
  </datafield>
  <datafield tag="952" ind1=" " ind2=" ">
    <subfield code="0">0</subfield>
    <subfield code="1">0</subfield>
    <subfield code="2">udc</subfield>
    <subfield code="4">0</subfield>
    <subfield code="6">7247922092_&#x10D1;87</subfield>
    <subfield code="7">0</subfield>
    <subfield code="9">99863</subfield>
    <subfield code="a">SPL</subfield>
    <subfield code="b">SPL</subfield>
    <subfield code="c">GEN</subfield>
    <subfield code="d">2024-07-18</subfield>
    <subfield code="g">35.00</subfield>
    <subfield code="o">72(479.22)(092) &#x10D1;-87</subfield>
    <subfield code="p">68783</subfield>
    <subfield code="r">2024-07-18</subfield>
    <subfield code="t">68783</subfield>
    <subfield code="w">2024-07-18</subfield>
    <subfield code="y">BK</subfield>
    <subfield code="z">35.00</subfield>
  </datafield>
</record>
